| 000 | 01062nam a2200181 a 4500 | ||
|---|---|---|---|
| 008 | 130722s2012 ||||||||||||||||| || u | ||
| 050 | _aCOMESA(058) | ||
| 110 | _aCommon Market for Eastern and Southern Africa (COMESA) | ||
| 245 | 1 | 0 |
_aCOMESA climate change initiative: progress and prospects, 2008 - 2012 _cby Common Market for Eastern and Southern Africa [COMESA] |
| 260 |
_aLusaka: _bCommon Market for Eastern and Southern Africa (COMESA) _c2012 |
||
| 300 | _a27p.: ill. | ||
| 362 | 1 | _a<p>December 2012</p> | |
| 650 | _aENVIRONMENTAL ASPECTS--DEVELOPING COUNTRIES | ||
| 650 | _aCLIMATE CHANGES--COMESA REGION | ||
| 995 |
_aSPECIAL COLLECTIONS _e783 _FCBU-MAIN LIBRARY (Kitwe) _jCOMESA(058)CCI/2012A _M1 _UAVAILABLE _WJul 22, 2013 _yB783 _ZInternational Publications |
||
| 995 |
_aSPECIAL COLLECTIONS _e784 _FCBU-MAIN LIBRARY (Kitwe) _jCOMESA(058)CCI/2012B _M2 _UAVAILABLE _WJul 22, 2013 _yB784 _ZInternational Publications |
||
| 995 |
_aSPECIAL COLLECTIONS _e785 _FCBU-MAIN LIBRARY (Kitwe) _jCOMESA(058)CCI/2012C _M3 _UAVAILABLE _WJul 22, 2013 _yB785 _ZInternational Publications |
||
| 999 |
_c79484 _d79484 |
||